[Event "DVM U20 2019"]
[Site "Braunschweig GER"]
[Date "2019.12.28"]
[Round "4"]
[White "Celik, Cem"]
[Black "von Angern, Cedric"]
[Result "0-1"]
[Termination "normal"]
[Board "2.6"]
[WhiteElo "1767"]
[BlackElo "1867"]
[WhiteClock "00:36:53"]
[BlackClock "00:06:16"]
[WhiteTeam "SF Katernberg"]
[BlackTeam "SG Aufbau Elbe Magdeburg"]
[PlyCount "78"]
[WhiteFideId "16206673"]
[BlackFideId "12921106"]
[EventCountry "GER"]
[EventRounds "7"]
[EventType "team-swiss"]
[EventDate "2019.12.26"]

1. e4 {[%clk 1:30:58]} c5 {[%clk 1:30:57]} 2. d4 {[%clk 1:31:15]} cxd4 {[%clk
1:31:21]} 3. c3 {[%clk 1:31:41]} Nf6 {[%clk 1:31:12]} 4. e5 {[%clk 1:32:06]}
Nd5 {[%clk 1:31:22]} 5. cxd4 {[%clk 1:32:26]} d6 {[%clk 1:28:41]} 6. Nf3 {[%clk
1:31:51]} Nc6 {[%clk 1:29:04]} 7. Bc4 {[%clk 1:26:43]} e6 {[%clk 1:28:54]} 8.
Qe2 {[%clk 1:24:07]} Be7 {[%clk 1:24:15]} 9. O-O {[%clk 1:23:57]} O-O {[%clk
1:20:34]} 10. Nc3 {[%clk 1:23:54]} dxe5 {[%clk 1:13:48]} 11. dxe5 {[%clk
1:23:58]} Nxc3 {[%clk 1:13:41]} 12. bxc3 {[%clk 1:24:25]} Qa5 {[%clk 1:12:24]}
13. Bd2 {[%clk 1:23:25]} a6 {[%clk 1:09:02]} 14. Bb3 {[%clk 1:19:07]} Qc7
{[%clk 1:02:55]} 15. Qe4 {[%clk 1:11:38]} Rd8 {[%clk 0:56:21]} 16. Bc2 {[%clk
1:10:19]} g6 {[%clk 0:56:21]} 17. Rfe1 {[%clk 1:09:01]} b6 {[%clk 0:47:32]} 18.
Bg5 {[%clk 1:06:05]} Bb7 {[%clk 0:46:42]} 19. Bf6 {[%clk 1:03:19]} Nd4 {[%clk
0:34:39]} 20. Qh4 {[%clk 1:02:02]} Nxf3+ {[%clk 0:33:30]} 21. gxf3 {[%clk
1:02:20]} Bxf6 {[%clk 0:26:39]} 22. exf6 {[%clk 1:02:37]} Qxc3 {[%clk 0:26:25]}
23. Be4 {[%clk 1:02:42]} Bxe4 {[%clk 0:26:00]} 24. fxe4 {[%clk 1:02:59]} h5
{[%clk 0:20:24]} 25. Rac1 {[%clk 1:00:56]} Qd2 {[%clk 0:20:03]} 26. Rcd1 {[%clk
0:54:40]} Qxa2 {[%clk 0:16:44]} 27. Qg5 {[%clk 0:52:41]} Kh7 {[%clk 0:14:52]}
28. Rxd8 {[%clk 0:45:35]} Rxd8 {[%clk 0:15:14]} 29. Qe5 {[%clk 0:44:59]} Qa5
{[%clk 0:07:52]} 30. Qxa5 {[%clk 0:43:06]} bxa5 {[%clk 0:08:21]} 31. Rc1 {[%clk
0:39:26]} g5 {[%clk 0:06:35]} 32. Rc5 {[%clk 0:38:45]} Kg6 {[%clk 0:06:51]} 33.
Rxa5 {[%clk 0:38:53]} Rd6 {[%clk 0:06:52]} 34. Kg2 {[%clk 0:38:23]} Rb6 {[%clk
0:06:43]} 35. e5 {[%clk 0:38:45]} Rb5 {[%clk 0:06:57]} 36. Rxa6 {[%clk
0:38:42]} Rxe5 {[%clk 0:07:22]} 37. Ra8 {[%clk 0:37:01]} Kxf6 {[%clk 0:07:21]}
38. Rh8 {[%clk 0:36:56]} h4 {[%clk 0:06:16]} 39. f4 {[%clk 0:36:53]} Rb5 0-1

[Event "DVM U20 2019"]
[Site "Braunschweig GER"]
[Date "2019.12.28"]
[Round "4"]
[White "Stelmaszyk, Nico"]
[Black "Knudsen, Simon"]
[Result "0-1"]
[Termination "normal"]
[Board "3.1"]
[WhiteElo "2194"]
[BlackElo "2194"]
[WhiteClock "00:30:31"]
[BlackClock "01:21:05"]
[WhiteTeam "SK Lehrte"]
[BlackTeam "SF Brackel"]
[PlyCount "118"]
[WhiteFideId "16200462"]
[BlackFideId "12985546"]
[EventCountry "GER"]
[EventRounds "7"]
[EventType "team-swiss"]
[EventDate "2019.12.26"]

1. e4 {[%clk 1:30:55]} g6 {[%clk 1:30:56]} 2. d4 {[%clk 1:31:21]} Bg7 {[%clk
1:31:21]} 3. Nc3 {[%clk 1:31:47]} d6 {[%clk 1:31:48]} 4. f4 {[%clk 1:32:10]} a6
{[%clk 1:32:13]} 5. Nf3 {[%clk 1:32:35]} b5 {[%clk 1:32:39]} 6. Bd3 {[%clk
1:32:59]} Nd7 {[%clk 1:33:05]} 7. e5 {[%clk 1:33:23]} c5 {[%clk 1:33:31]} 8.
Be4 {[%clk 1:33:48]} Rb8 {[%clk 1:33:58]} 9. O-O {[%clk 1:34:10]} cxd4 {[%clk
1:34:23]} 10. Nxd4 {[%clk 1:34:33]} dxe5 {[%clk 1:34:49]} 11. Nc6 {[%clk
1:34:51]} Qb6+ {[%clk 1:35:15]} 12. Kh1 {[%clk 1:35:18]} Ngf6 {[%clk 1:35:37]}
13. Nxb8 {[%clk 1:35:42]} Qxb8 {[%clk 1:35:51]} 14. fxe5 {[%clk 1:36:06]} Nxe4
{[%clk 1:36:11]} 15. Nxe4 {[%clk 1:36:29]} Nxe5 {[%clk 1:36:31]} 16. Bf4 {[%clk
1:36:25]} Qb6 {[%clk 1:36:56]} 17. Qe2 {[%clk 1:23:17]} O-O {[%clk 1:31:51]}
18. Nc3 {[%clk 1:18:18]} Bg4 {[%clk 1:26:52]} 19. Qe1 {[%clk 1:15:14]} Qc5
{[%clk 1:26:57]} 20. Qh4 {[%clk 1:08:48]} Bf5 {[%clk 1:24:50]} 21. Rae1 {[%clk
0:46:01]} Nc6 {[%clk 1:20:56]} 22. Be3 {[%clk 0:35:13]} Qd6 {[%clk 1:20:12]}
23. Re2 {[%clk 0:22:45]} Be6 {[%clk 1:00:40]} 24. Ne4 {[%clk 0:21:01]} Qb4
{[%clk 1:00:55]} 25. Rf4 {[%clk 0:13:09]} Bc4 {[%clk 0:57:47]} 26. c3 {[%clk
0:10:27]} Qa5 27. b4 {[%clk 0:08:57]} Qa3 {[%clk 0:55:59]} 28. Rc2 {[%clk
0:06:35]} Nxb4 {[%clk 0:47:50]} 29. Bc1 {[%clk 0:03:49]} Qa4 {[%clk 0:48:13]}
30. Rd2 {[%clk 0:02:32]} Nd3 {[%clk 0:46:34]} 31. Rxd3 {[%clk 0:01:59]} Bxd3
{[%clk 0:46:59]} 32. Nf6+ {[%clk 0:01:35]} Bxf6 {[%clk 0:47:23]} 33. Rxa4
{[%clk 0:02:00]} Bxh4 {[%clk 0:47:48]} 34. Rxh4 {[%clk 0:02:25]} Bc4 {[%clk
0:48:12]} 35. a4 {[%clk 0:01:46]} Rd8 {[%clk 0:48:30]} 36. Rd4 {[%clk 0:01:28]}
Rxd4 {[%clk 0:48:40]} 37. cxd4 {[%clk 0:01:53]} bxa4 {[%clk 0:49:04]} 38. Kg1
{[%clk 0:01:36]} Kg7 {[%clk 0:49:20]} 39. Kf2 {[%clk 0:01:12]} Kf6 {[%clk
0:49:08]} 40. Ba3 {[%clk 0:01:09]} Bd5 {[%clk 0:48:20]} 41. g3 {[%clk 0:30:26]}
e6 {[%clk 1:18:42]} 42. Ke3 {[%clk 0:29:11]} Kf5 {[%clk 1:18:37]} 43. Be7
{[%clk 0:27:56]} Kg4 {[%clk 1:18:49]} 44. Kf2 {[%clk 0:28:03]} Kh3 {[%clk
1:18:01]} 45. Kg1 {[%clk 0:28:25]} h6 {[%clk 1:18:06]} 46. Bf8 {[%clk 0:28:35]}
g5 {[%clk 1:18:21]} 47. Be7 {[%clk 0:28:49]} f6 {[%clk 1:18:44]} 48. Bd6 {[%clk
0:29:06]} h5 {[%clk 1:18:51]} 49. Ba3 {[%clk 0:28:56]} h4 {[%clk 1:19:07]} 50.
gxh4 {[%clk 0:29:02]} Kxh4 {[%clk 1:19:30]} 51. Be7 {[%clk 0:28:51]} Kg4 {[%clk
1:19:41]} 52. Kf2 {[%clk 0:29:06]} Kf4 {[%clk 1:19:23]} 53. Ke2 {[%clk
0:29:12]} Ke4 {[%clk 1:19:47]} 54. Kd2 {[%clk 0:29:33]} f5 {[%clk 1:19:35]} 55.
Bxg5 {[%clk 0:29:41]} a3 {[%clk 1:19:56]} 56. Kc2 {[%clk 0:30:02]} a2 {[%clk
1:20:00]} 57. Kb2 {[%clk 0:30:26]} Kxd4 {[%clk 1:20:25]} 58. h4 {[%clk
0:30:28]} e5 {[%clk 1:20:43]} 59. h5 {[%clk 0:30:31]} f4 {[%clk 1:21:05]} 0-1

[Event "DVM U20 2019"]
[Site "Braunschweig GER"]
[Date "2019.12.28"]
[Round "4"]
[White "Flüchter, Gregor"]
[Black "Meiwes, Thore"]
[Result "1/2-1/2"]
[Termination "normal"]
[Board "3.2"]
[WhiteElo "2174"]
[BlackElo "2106"]
[WhiteClock "00:01:20"]
[BlackClock "00:27:44"]
[WhiteTeam "SF Brackel"]
[BlackTeam "SK Lehrte"]
[PlyCount "119"]
[WhiteFideId "12903396"]
[BlackFideId "16201256"]
[EventCountry "GER"]
[EventRounds "7"]
[EventType "team-swiss"]
[EventDate "2019.12.26"]

1. e4 {[%clk 1:30:58]} e6 {[%clk 1:30:55]} 2. d4 {[%clk 1:31:24]} d5 {[%clk
1:31:22]} 3. Nc3 {[%clk 1:31:39]} Bb4 {[%clk 1:31:27]} 4. a3 {[%clk 1:31:59]}
Bxc3+ {[%clk 1:31:40]} 5. bxc3 {[%clk 1:32:22]} dxe4 {[%clk 1:31:38]} 6. Qg4
{[%clk 1:32:43]} Qf6 {[%clk 1:28:45]} 7. Qxe4 {[%clk 1:32:58]} Ne7 {[%clk
1:26:38]} 8. Nf3 {[%clk 1:31:05]} Qf5 {[%clk 1:22:44]} 9. Bd3 {[%clk 1:28:12]}
Qxe4+ {[%clk 1:22:30]} 10. Bxe4 {[%clk 1:28:39]} Nd5 {[%clk 1:19:20]} 11. c4
{[%clk 1:27:08]} Nf6 {[%clk 1:19:35]} 12. Bd3 {[%clk 1:27:20]} c5 {[%clk
1:18:08]} 13. dxc5 {[%clk 1:06:20]} Na6 {[%clk 1:14:56]} 14. Be3 {[%clk
1:05:41]} Nd7 {[%clk 1:13:24]} 15. c6 {[%clk 0:26:31]} bxc6 {[%clk 1:13:49]}
16. Nd4 {[%clk 0:25:37]} Ne5 {[%clk 1:03:03]} 17. Be4 {[%clk 0:21:21]} Bd7
{[%clk 1:03:19]} 18. Bf4 {[%clk 0:21:00]} Nc5 {[%clk 1:00:21]} 19. Bxe5 {[%clk
0:18:55]} Nxe4 {[%clk 1:00:35]} 20. Bxg7 {[%clk 0:16:33]} Rg8 {[%clk 1:00:58]}
21. Be5 {[%clk 0:16:43]} f6 {[%clk 1:00:22]} 22. Bg3 {[%clk 0:16:31]} e5 {[%clk
0:58:29]} 23. Nb3 {[%clk 0:15:35]} Be6 {[%clk 0:58:06]} 24. O-O-O {[%clk
0:09:03]} Bxc4 {[%clk 0:54:06]} 25. f3 {[%clk 0:05:28]} Nc3 {[%clk 0:43:07]}
26. Rd6 {[%clk 0:05:00]} Ke7 {[%clk 0:43:25]} 27. Rxc6 {[%clk 0:05:09]} Rgc8
{[%clk 0:43:41]} 28. Rxc8 {[%clk 0:04:56]} Rxc8 {[%clk 0:44:06]} 29. Kd2 {[%clk
0:03:41]} Nb5 {[%clk 0:43:31]} 30. Bf2 {[%clk 0:02:38]} Rd8+ {[%clk 0:40:28]}
31. Kc1 {[%clk 0:02:58]} Kf7 {[%clk 0:40:36]} 32. Rd1 {[%clk 0:02:30]} Rxd1+
{[%clk 0:38:43]} 33. Kxd1 {[%clk 0:02:59]} Bf1 {[%clk 0:37:42]} 34. g3 {[%clk
0:03:17]} Bg2 {[%clk 0:36:59]} 35. Nd2 {[%clk 0:03:00]} Nxa3 {[%clk 0:35:00]}
36. Bxa7 {[%clk 0:03:23]} Nb5 {[%clk 0:35:14]} 37. Be3 {[%clk 0:03:13]} Bh3
{[%clk 0:34:35]} 38. c4 {[%clk 0:01:59]} Nd6 {[%clk 0:34:25]} 39. Kc2 {[%clk
0:01:55]} Bd7 {[%clk 0:33:51]} 40. Kc3 {[%clk 0:01:44]} Bc6 {[%clk 0:34:12]}
41. Kb4 {[%clk 0:29:46]} Ke6 {[%clk 1:03:47]} 42. Bf2 {[%clk 0:18:27]} Kd7
{[%clk 1:03:53]} 43. c5 {[%clk 0:18:31]} Nb7 {[%clk 1:03:14]} 44. Kc4 {[%clk
0:17:04]} f5 {[%clk 1:02:01]} 45. g4 {[%clk 0:15:18]} Ke6 {[%clk 1:01:20]} 46.
gxf5+ {[%clk 0:15:12]} Kxf5 {[%clk 1:01:48]} 47. Bg3 {[%clk 0:15:19]} h5 {[%clk
1:00:16]} 48. Ne4 {[%clk 0:07:53]} Nd8 {[%clk 0:37:12]} 49. Nd6+ {[%clk
0:06:45]} Ke6 {[%clk 0:37:25]} 50. f4 {[%clk 0:06:09]} exf4 {[%clk 0:37:39]}
51. Bxf4 {[%clk 0:06:38]} Kd7 {[%clk 0:37:08]} 52. Be3 {[%clk 0:05:23]} Ne6
{[%clk 0:34:26]} 53. h4 {[%clk 0:05:20]} Nc7 {[%clk 0:33:57]} 54. Nf5 {[%clk
0:04:57]} Bf3 {[%clk 0:32:41]} 55. Kd4 {[%clk 0:03:23]} Ke6 {[%clk 0:29:44]}
56. Nd6 {[%clk 0:02:56]} Bc6 {[%clk 0:29:08]} 57. Nc4 {[%clk 0:01:20]} Nb5+
{[%clk 0:28:34]} 58. Kd3 {[%clk 0:01:10]} Bf3 {[%clk 0:27:44]} 59. Nd2 {[%clk
0:01:20]} Kd5 60. Kd4+ 1/2-1/2

[Event "DVM U20 2019"]
[Site "Braunschweig GER"]
[Date "2019.12.28"]
[Round "4"]
[White "Reimer, Philip"]
[Black "Garbuz, Vitaliy"]
[Result "0-1"]
[Termination "normal"]
[Board "3.3"]
[WhiteElo "2065"]
[BlackElo "2064"]
[WhiteClock "00:24:28"]
[BlackClock "01:09:39"]
[WhiteTeam "SK Lehrte"]
[BlackTeam "SF Brackel"]
[PlyCount "86"]
[WhiteFideId "16235860"]
[BlackFideId "12990710"]
[EventCountry "GER"]
[EventRounds "7"]
[EventType "team-swiss"]
[EventDate "2019.12.26"]

1. e4 {[%clk 1:30:57]} e5 {[%clk 1:30:11]} 2. Nf3 {[%clk 1:31:08]} Nc6 {[%clk
1:30:35]} 3. Bc4 {[%clk 1:29:42]} Bc5 {[%clk 1:30:56]} 4. b4 {[%clk 1:30:07]}
Bxb4 {[%clk 1:31:20]} 5. c3 {[%clk 1:30:32]} Ba5 {[%clk 1:31:46]} 6. d4 {[%clk
1:30:59]} d6 {[%clk 1:32:10]} 7. O-O {[%clk 1:29:11]} Bb6 {[%clk 1:32:05]} 8.
Ba3 {[%clk 1:23:28]} Bg4 {[%clk 1:30:39]} 9. Qb3 {[%clk 1:16:25]} Nh6 {[%clk
1:22:15]} 10. Nbd2 {[%clk 1:05:19]} exd4 {[%clk 1:20:04]} 11. e5 {[%clk
0:59:00]} dxc3 {[%clk 1:16:58]} 12. Qxc3 {[%clk 0:55:27]} O-O {[%clk 1:12:59]}
13. exd6 {[%clk 0:54:50]} cxd6 {[%clk 1:10:22]} 14. h3 {[%clk 0:52:38]} Ba5
{[%clk 1:09:39]} 15. Qb2 {[%clk 0:48:00]} Bxf3 {[%clk 1:06:29]} 16. Nxf3 {[%clk
0:48:18]} Qb6 {[%clk 1:05:57]} 17. Qxb6 {[%clk 0:42:48]} Bxb6 {[%clk 1:06:08]}
18. Bxd6 {[%clk 0:42:15]} Rfd8 {[%clk 1:06:16]} 19. Bf4 {[%clk 0:37:59]} Nf5
{[%clk 1:05:23]} 20. Rad1 {[%clk 0:37:21]} h6 {[%clk 1:03:56]} 21. g4 {[%clk
0:34:27]} Nfd4 {[%clk 1:03:30]} 22. Nxd4 {[%clk 0:34:01]} Nxd4 {[%clk 1:03:13]}
23. Kg2 {[%clk 0:33:06]} Rac8 {[%clk 1:00:26]} 24. Bd3 {[%clk 0:28:38]} Ne6
{[%clk 0:58:44]} 25. Bg3 {[%clk 0:23:49]} Bc7 {[%clk 0:52:45]} 26. Bf5 {[%clk
0:14:51]} Bxg3 {[%clk 0:52:49]} 27. Rxd8+ {[%clk 0:14:27]} Rxd8 {[%clk
0:53:04]} 28. Bxe6 {[%clk 0:13:22]} fxe6 {[%clk 0:53:27]} 29. Kxg3 {[%clk
0:13:45]} Rd2 {[%clk 0:53:06]} 30. Rb1 {[%clk 0:14:04]} b6 {[%clk 0:52:44]} 31.
a4 {[%clk 0:13:26]} Rd3+ {[%clk 0:52:03]} 32. Kg2 {[%clk 0:13:33]} Ra3 {[%clk
0:51:58]} 33. Rb4 {[%clk 0:13:49]} Kf8 {[%clk 0:49:28]} 34. Rc4 {[%clk
0:03:50]} Ke8 {[%clk 0:45:14]} 35. Rf4 {[%clk 0:01:28]} a5 {[%clk 0:42:42]} 36.
Rc4 {[%clk 0:00:47]} Kd7 {[%clk 0:42:04]} 37. Rf4 {[%clk 0:00:56]} Kc6 {[%clk
0:41:43]} 38. Rf7 {[%clk 0:00:40]} Rxa4 {[%clk 0:41:22]} 39. Rxg7 {[%clk
0:01:08]} b5 {[%clk 0:39:34]} 40. h4 {[%clk 0:00:34]} b4 {[%clk 0:39:36]} 41.
g5 {[%clk 0:25:20]} b3 {[%clk 1:09:12]} 42. gxh6 {[%clk 0:25:01]} b2 {[%clk
1:09:23]} 43. h7 {[%clk 0:24:28]} Rxh4 {[%clk 1:09:39]} 0-1

[Event "DVM U20 2019"]
[Site "Braunschweig GER"]
[Date "2019.12.28"]
[Round "4"]
[White "Elier, Ali"]
[Black "Dornieden, Jonas"]
[Result "1-0"]
[Termination "normal"]
[Board "3.4"]
[WhiteElo "2032"]
[BlackElo "1912"]
[WhiteClock "00:54:27"]
[BlackClock "00:01:30"]
[WhiteTeam "SF Brackel"]
[BlackTeam "SK Lehrte"]
[PlyCount "55"]
[WhiteFideId "16217543"]
[BlackFideId "1336460"]
[EventCountry "GER"]
[EventRounds "7"]
[EventType "team-swiss"]
[EventDate "2019.12.26"]

1. e4 {[%clk 1:30:57]} c6 {[%clk 1:30:55]} 2. d4 {[%clk 1:30:51]} d5 {[%clk
1:31:21]} 3. Nc3 {[%clk 1:31:47]} dxe4 {[%clk 1:31:44]} 4. Nxe4 {[%clk
1:32:13]} Bf5 {[%clk 1:32:10]} 5. Nc5 {[%clk 1:32:38]} e5 {[%clk 1:21:00]} 6.
Nxb7 {[%clk 1:32:53]} Qxd4 {[%clk 1:19:36]} 7. Qxd4 {[%clk 1:14:43]} exd4
{[%clk 1:20:00]} 8. Bd3 {[%clk 1:14:32]} Bxd3 {[%clk 1:16:11]} 9. cxd3 {[%clk
1:14:55]} a5 {[%clk 1:10:44]} 10. Bd2 {[%clk 1:10:11]} Na6 {[%clk 0:50:12]} 11.
Nf3 {[%clk 1:07:15]} Nb4 {[%clk 0:39:11]} 12. Ke2 {[%clk 1:03:20]} Ra7 {[%clk
0:35:19]} 13. Nxa5 {[%clk 1:03:45]} Rxa5 {[%clk 0:35:07]} 14. a3 {[%clk
1:04:12]} Nc2 {[%clk 0:17:29]} 15. Bxa5 {[%clk 1:02:33]} Nxa1 {[%clk 0:17:54]}
16. Rxa1 {[%clk 1:02:59]} h5 {[%clk 0:16:33]} 17. Nxd4 Rh6 {[%clk 0:16:30]} 18.
Bd2 {[%clk 0:58:59]} Rg6 {[%clk 0:15:42]} 19. g3 {[%clk 0:58:57]} Nh6 {[%clk
0:14:20]} 20. Rc1 {[%clk 0:58:49]} Kd7 {[%clk 0:14:15]} 21. b4 {[%clk 0:58:39]}
Ng4 {[%clk 0:13:16]} 22. h3 {[%clk 0:58:20]} Nh6 {[%clk 0:10:11]} 23. a4 {[%clk
0:56:58]} Rd6 {[%clk 0:08:15]} 24. Be3 {[%clk 0:56:01]} g6 {[%clk 0:06:09]} 25.
a5 {[%clk 0:56:08]} c5 {[%clk 0:02:24]} 26. Rxc5 {[%clk 0:54:55]} Ra6 {[%clk
0:02:36]} 27. Rc4 {[%clk 0:54:43]} f5 {[%clk 0:01:30]} 28. Nb5 {[%clk 0:54:27]}
1-0

[Event "DVM U20 2019"]
[Site "Braunschweig GER"]
[Date "2019.12.28"]
[Round "4"]
[White "Brockmeyer, Tobias"]
[Black "Kracht, Raphael"]
[Result "1-0"]
[Termination "normal"]
[Board "3.5"]
[WhiteElo "1902"]
[BlackElo "2031"]
[WhiteClock "00:21:54"]
[BlackClock "00:23:01"]
[WhiteTeam "SK Lehrte"]
[BlackTeam "SF Brackel"]
[PlyCount "105"]
[WhiteFideId "12982385"]
[BlackFideId "16214382"]
[EventCountry "GER"]
[EventRounds "7"]
[EventType "team-swiss"]
[EventDate "2019.12.26"]

1. d4 {[%clk 1:30:59]} Nf6 {[%clk 1:30:55]} 2. c4 {[%clk 1:31:27]} e6 {[%clk
1:31:20]} 3. Nc3 {[%clk 1:31:54]} Bb4 {[%clk 1:31:46]} 4. f3 {[%clk 1:32:21]}
c5 {[%clk 1:31:59]} 5. d5 {[%clk 1:32:49]} O-O {[%clk 1:30:12]} 6. e4 {[%clk
1:33:18]} b5 {[%clk 1:30:35]} 7. Nh3 {[%clk 1:33:22]} bxc4 {[%clk 1:29:49]} 8.
Bxc4 {[%clk 1:33:38]} Nxd5 {[%clk 1:30:03]} 9. Bxd5 {[%clk 1:33:21]} exd5
{[%clk 1:30:26]} 10. Qxd5 {[%clk 1:33:44]} Ba6 {[%clk 1:15:39]} 11. Be3 {[%clk
1:28:17]} Qa5 {[%clk 1:10:30]} 12. Rc1 {[%clk 1:12:14]} Qb5 {[%clk 0:40:07]}
13. Qd2 {[%clk 1:03:56]} Bxc3 {[%clk 0:35:35]} 14. Rxc3 {[%clk 1:02:32]} d6
{[%clk 0:35:37]} 15. Kf2 {[%clk 1:00:23]} Nc6 {[%clk 0:15:31]} 16. Nf4 {[%clk
0:55:25]} Ne5 {[%clk 0:14:40]} 17. b3 {[%clk 0:51:17]} Rad8 {[%clk 0:11:42]}
18. Rd1 {[%clk 0:48:31]} Rd7 {[%clk 0:10:51]} 19. Nd5 {[%clk 0:44:44]} Qb8
{[%clk 0:06:26]} 20. Bf4 {[%clk 0:40:31]} Qe8 {[%clk 0:04:01]} 21. Bxe5 {[%clk
0:34:00]} Qxe5 {[%clk 0:04:02]} 22. Qf4 {[%clk 0:34:14]} Qxf4 {[%clk 0:02:29]}
23. Nxf4 {[%clk 0:34:13]} Rfd8 {[%clk 0:02:15]} 24. Rc2 {[%clk 0:29:16]} g6
{[%clk 0:01:32]} 25. h4 {[%clk 0:26:32]} Kg7 {[%clk 0:01:34]} 26. g4 {[%clk
0:25:24]} Bb7 {[%clk 0:01:36]} 27. g5 {[%clk 0:23:02]} h6 {[%clk 0:01:20]} 28.
Rcd2 {[%clk 0:18:37]} Bc6 {[%clk 0:01:32]} 29. Ke3 {[%clk 0:15:48]} a5 {[%clk
0:01:20]} 30. Nd5 {[%clk 0:15:09]} Bxd5 {[%clk 0:01:35]} 31. Rxd5 {[%clk
0:15:38]} hxg5 {[%clk 0:01:41]} 32. hxg5 {[%clk 0:16:00]} f6 {[%clk 0:01:40]}
33. gxf6+ {[%clk 0:12:15]} Kxf6 {[%clk 0:02:05]} 34. Kf4 {[%clk 0:12:44]} Ke6
{[%clk 0:02:04]} 35. Kg5 {[%clk 0:12:31]} a4 {[%clk 0:01:10]} 36. f4 {[%clk
0:08:41]} axb3 {[%clk 0:01:30]} 37. axb3 {[%clk 0:09:02]} Rb7 {[%clk 0:00:40]}
38. e5 {[%clk 0:08:03]} Rxb3 {[%clk 0:01:04]} 39. Rxd6+ {[%clk 0:08:08]} Rxd6
{[%clk 0:01:31]} 40. Rxd6+ {[%clk 0:04:27]} Ke7 {[%clk 0:01:59]} 41. Kxg6
{[%clk 0:04:18]} c4 {[%clk 0:28:40]} 42. Rc6 {[%clk 0:30:53]} Rg3+ {[%clk
0:28:06]} 43. Kf5 {[%clk 0:29:50]} c3 {[%clk 0:28:24]} 44. Ke4 {[%clk 0:29:26]}
Kd7 {[%clk 0:28:28]} 45. Rc5 {[%clk 0:29:28]} Rh3 {[%clk 0:27:36]} 46. f5
{[%clk 0:28:04]} Rh4+ {[%clk 0:26:33]} 47. Kd5 {[%clk 0:27:20]} Rf4 {[%clk
0:23:42]} 48. e6+ {[%clk 0:24:17]} Kd8 {[%clk 0:23:20]} 49. Ke5 {[%clk
0:24:19]} Rf3 {[%clk 0:23:16]} 50. Kf6 {[%clk 0:21:07]} Re3 {[%clk 0:23:09]}
51. Kf7 {[%clk 0:21:21]} c2 {[%clk 0:22:36]} 52. Rxc2 {[%clk 0:21:26]} Rxe6
{[%clk 0:23:01]} 53. Kxe6 {[%clk 0:21:54]} 1-0

[Event "DVM U20 2019"]
[Site "Braunschweig GER"]
[Date "2019.12.28"]
[Round "4"]
[White "Seref, Erdogan"]
[Black "Heise, Tobias"]
[Result "1-0"]
[Termination "normal"]
[Board "3.6"]
[WhiteElo "2003"]
[BlackElo "1712"]
[WhiteClock "00:13:29"]
[BlackClock "00:10:47"]
[WhiteTeam "SF Brackel"]
[BlackTeam "SK Lehrte"]
[PlyCount "63"]
[WhiteFideId "16206827"]
[BlackFideId "12949280"]
[EventCountry "GER"]
[EventRounds "7"]
[EventType "team-swiss"]
[EventDate "2019.12.26"]

1. c4 {[%clk 1:30:55]} Nf6 {[%clk 1:30:37]} 2. Nf3 {[%clk 1:31:13]} e6 {[%clk
1:30:47]} 3. g3 {[%clk 1:31:36]} d5 {[%clk 1:28:53]} 4. b3 {[%clk 1:31:55]} c6
{[%clk 1:28:14]} 5. Bg2 {[%clk 1:32:12]} Nbd7 {[%clk 1:25:09]} 6. Bb2 {[%clk
1:32:19]} b6 {[%clk 1:22:00]} 7. O-O {[%clk 1:32:18]} Ba6 {[%clk 1:21:51]} 8.
Nc3 {[%clk 1:26:36]} Rc8 {[%clk 1:12:06]} 9. cxd5 {[%clk 1:24:29]} cxd5 {[%clk
1:12:15]} 10. Rc1 {[%clk 1:22:07]} Bd6 {[%clk 1:10:29]} 11. Nd4 {[%clk
1:14:16]} O-O {[%clk 1:07:00]} 12. Ncb5 {[%clk 1:10:48]} Bxb5 {[%clk 1:05:49]}
13. Nxb5 {[%clk 1:09:58]} Bb8 {[%clk 1:06:02]} 14. Rxc8 {[%clk 1:04:47]} Qxc8
{[%clk 1:02:52]} 15. Qa1 {[%clk 1:04:34]} a6 {[%clk 0:44:50]} 16. Rc1 {[%clk
1:03:43]} Qb7 {[%clk 0:44:45]} 17. Nc3 {[%clk 0:58:34]} b5 {[%clk 0:40:23]} 18.
Rc2 {[%clk 0:53:10]} Ba7 {[%clk 0:38:40]} 19. Qc1 {[%clk 0:49:26]} Bb6 {[%clk
0:36:11]} 20. e3 {[%clk 0:40:05]} Re8 {[%clk 0:31:30]} 21. Ne2 {[%clk 0:37:49]}
e5 {[%clk 0:25:16]} 22. f4 {[%clk 0:30:48]} e4 {[%clk 0:24:51]} 23. Nd4 {[%clk
0:30:18]} Kh8 {[%clk 0:21:08]} 24. Bh3 {[%clk 0:28:50]} h6 {[%clk 0:15:19]} 25.
Nf5 {[%clk 0:26:40]} Rg8 {[%clk 0:12:19]} 26. Nd6 {[%clk 0:21:24]} Qa7 {[%clk
0:12:31]} 27. Nxf7+ {[%clk 0:20:59]} Kh7 {[%clk 0:12:54]} 28. Ne5 {[%clk
0:15:11]} Nc5 {[%clk 0:11:54]} 29. Bf5+ {[%clk 0:13:03]} g6 {[%clk 0:10:47]}
30. Nxg6 {[%clk 0:12:58]} Rxg6 {[%clk 0:10:27]} 31. Bxf6 {[%clk 0:13:14]} Nd3
{[%clk 0:10:47]} 32. Rc8 {[%clk 0:13:29]} 1-0